000 00391nam a2200121 4500
999 _c10243
_d10243
008 180809b ||||| |||| 00| 0 eng d
100 _930220
_aHidalgo, Fe San Juan
245 _aKnowing about global warming and mitigating its bad effects/
_cFe San Juan Hidalgo
260 _aDavao City
_bSun Star Davao
_cc2016
300 _apage 9.
650 0 _930221
_aGreenhouse effect.
942 _2ddc
_cPER